Semiología médica

Guardat en:
Dades bibliogràfiques
Autors principals: Goic Goic, Alejandro (Autor), Chamorro, Gastón (Autor), Reyes, Humberto (Autor)
Format: Llibre
Idioma:espanyol
Publicat: Santiago Mediterráneo 1999
Edició:2a. ed
Matèries:
Etiquetes: Afegir etiqueta
Sense etiquetes, Sigues el primer a etiquetar aquest registre!

MARC

LEADER 00000nam a2200000 a 4500
001 UCP3249
003 CL-VaPUC
008 990618e19990000CL |||||||||||||||||spa|d
082 0 4 |a 616.047  |b GOI  |2 21 
100 |a Goic Goic, Alejandro  |e author  |9 550575 
700 0 |a Chamorro, Gastón  |e author  |9 430433 
700 0 |a Reyes, Humberto  |e author  |9 430434 
245 1 0 |a Semiología médica 
250 |a 2a. ed 
300 |a 687 p 
942 |c BK 
945 |d 19990618 00:00:00  |a rbrito 
260 |a Santiago  |b Mediterráneo  |c 1999 
650 0 |a Medicina clínica   |9 328118 
650 7 |a SEMIOLOGIA MEDICA  |2 CL-VaPUC  |9 430435 
650 7 |a SINTOMALOGIA  |2 CL-VaPUC  |9 430436 
650 0 |a Enfermedades  |9 263059 
583 |a last modification  |c 19990618 00:00:00  |k Rodrigo Vera 
999 |c 281626  |d 281624 
952 |0 0  |1 0  |4 0  |6 616_047000000000000_GOI_1999  |7 0  |8 A  |9 322502  |a BIBCUR  |b BIBCUR  |d 2019-11-20  |i 3530930  |o 616.047 GOI 1999  |p 3530930  |r 2025-04-22  |w 2019-11-20  |y BK  |k KIN 
952 |0 0  |1 0  |4 0  |6 616_047000000000000_GOI_1999  |7 0  |8 A  |9 322503  |a BIBCUR  |b BIBCUR  |d 2019-11-20  |i 3530949  |o 616.047 GOI 1999  |p 3530949  |r 2025-04-22  |w 2019-11-20  |y BK  |k KIN 
952 |0 0  |1 0  |4 0  |6 616_047000000000000_GOI_1999  |7 0  |8 A  |9 322504  |a BIBCUR  |b BIBCUR  |d 2019-11-20  |i 3530957  |o 616.047 GOI 1999  |p 3530957  |r 2025-04-22  |w 2019-11-20  |y BK  |k KIN 
952 |0 0  |1 0  |4 0  |6 616_047000000000000_GOI_1999  |7 0  |8 A  |9 322505  |a BIBCUR  |b BIBCUR  |d 2019-11-20  |i 3530965  |o 616.047 GOI 1999  |p 3530965  |r 2025-04-22  |w 2019-11-20  |y BK  |k KIN 
952 |0 0  |1 0  |4 0  |6 616_047000000000000_GOI_1999  |7 0  |8 A  |9 322506  |a BIBCUR  |b BIBCUR  |d 2019-11-20  |i 3530973  |o 616.047 GOI 1999  |p 3530973  |r 2025-04-22  |w 2019-11-20  |y BK  |k KIN